Giáo trình tổng hợp hóa vô cơ
Nội dung sách gồm 15 bài tổng hợp các chất và 15 bài mẫu tường trình thí nghiệm tương ứng. Các bài thí nghiệm này nhằm rèn luyện kĩ năng, thao tác thí nghiệm về tổng hợp chất vô cơ cho sinh viên, tạo cho sinh viên có những kiến thức li...
Guardat en:
| Autor principal: | |
|---|---|
| Format: | Llibre |
| Idioma: | Undetermined |
| Publicat: |
Hà Nội
Nxb. Đại học Sư phạm
2013
|
| Matèries: | |
| Etiquetes: |
Afegir etiqueta
Sense etiquetes, Sigues el primer a etiquetar aquest registre!
|
| Thư viện lưu trữ: | Trung tâm Học liệu Trường Đại học Cần Thơ |
|---|
| LEADER | 01133nam a2200217Ia 4500 | ||
|---|---|---|---|
| 001 | CTU_202507 | ||
| 008 | 210402s9999 xx 000 0 und d | ||
| 020 | |c 22000 | ||
| 082 | |a 546 | ||
| 082 | |b Ch300 | ||
| 100 | |a Nguyễn, Thị Thanh Chi | ||
| 245 | 0 | |a Giáo trình tổng hợp hóa vô cơ | |
| 245 | 0 | |c Nguyễn Thị Thanh Chi (Chủ biên) | |
| 260 | |a Hà Nội | ||
| 260 | |b Nxb. Đại học Sư phạm | ||
| 260 | |c 2013 | ||
| 520 | |a Nội dung sách gồm 15 bài tổng hợp các chất và 15 bài mẫu tường trình thí nghiệm tương ứng. Các bài thí nghiệm này nhằm rèn luyện kĩ năng, thao tác thí nghiệm về tổng hợp chất vô cơ cho sinh viên, tạo cho sinh viên có những kiến thức lí thuyết sâu hơn. | ||
| 650 | |a Chemistry, inorganic,Chemistry, inorganic,Hóa vô cơ,Hóa vô cơ | ||
| 650 | |x Laboratory, manuals, etc.,Thí nghiệm, hướng dẫn sử dụng, vv | ||
| 904 | |i Tuyến | ||
| 980 | |a Trung tâm Học liệu Trường Đại học Cần Thơ | ||